Our constitutional unsettlement (Record no. 105196)

000 -LEADER
fixed length control field 00353pab a2200157 454500
008 - FIXED-LENGTH DATA ELEMENTS--GENERAL INFORMATION
fixed length control field 180718b2014 xxu||||| |||| 00| 0 eng d
100 ## - MAIN ENTRY--PERSONAL NAME
Personal name Walker, Neil
245 ## - TITLE STATEMENT
Title Our constitutional unsettlement
260 ## - PUBLICATION, DISTRIBUTION, ETC.
Date of publication, distribution, etc. 2014
300 ## - PHYSICAL DESCRIPTION
Extent p.529-548.
362 ## - DATES OF PUBLICATION AND/OR SEQUENTIAL DESIGNATION
Dates of publication and/or sequential designation July
650 ## - SUBJECT ADDED ENTRY--TOPICAL TERM
Topical term or geographic name entry element Constitutions
773 ## - HOST ITEM ENTRY
Main entry heading Public Law
908 ## - PUT COMMAND PARAMETER (RLIN)
Put command parameter N
909 ## -
-- 105201
Holdings
Withdrawn status Lost status Damaged status Not for loan Permanent Location Current Location Date acquired Serial Enumeration / chronology Barcode Date last seen Price effective from Koha item type
        Indian Institute of Public Administration Indian Institute of Public Administration 2018-07-19 Issue no: 3 AR105661 2018-07-19 2018-07-19 Articles

Powered by Koha